| 000 | 00698nam a2200217 a 4500 | ||
|---|---|---|---|
| 001 | BRCA_1457 | ||
| 005 | 20190320203434.0 | ||
| 008 | 010905s1993----mx-a---###---#000-0#spa-# | ||
| 020 | _a9686795022 | ||
| 050 | 4 |
_aN8214.5 _b.G37 1993 |
|
| 100 | 1 |
_aGarcía Sáiz, María Concepción _93999 |
|
| 245 | 1 | 0 |
_aAmérica vista por España _cMa. Concepción García Sáiz. |
| 260 |
_aMéxico _bTextos dispersos _c1993 |
||
| 300 |
_a46 p. _bil. _c21 cm. |
||
| 504 | _aIncluye referencias bibliográficas | ||
| 650 | 1 | 4 |
_aIndígenas _vTrabajos Ilustrados _94766 |
| 650 | 1 | 4 |
_aArte español _ySiglo XVII _94767 |
| 650 | 1 | 4 |
_aArte español _ySiglo XVIII _94768 |
| 650 | 1 | 4 |
_aAmérica en arte _94769 |
| 942 |
_2lcc _cB |
||
| 999 |
_c1319 _d1319 |
||